000 00844nam a2200217Ia 4500
999 _c39895
_d39895
003 GCL
005 20240530103504.0
008 140319s9999 xx 000 0 ara d
040 _aGCL /
_cGCL
082 0 4 _a251.1
_bم ح
100 1 _aمحمد على الصابونى
245 1 0 _aحكم الاسلام فى التصوير :
_b التصوير الفوتوغرافى - لرسم باليد - التماثيل /
_cمحمد على الصابونى ، محمد ناصر الدين الالبانى
260 _a[S.N] :
_bالمكتبة القيمة للطباعة والنشر والتوزيع
300 _a32 ص
650 0 4 _aالاسلام
650 0 4 _aالتشريع
700 1 _aمحمد ناصر الدين الالبانى
700 1 _aعبدالعزيز بن باز
700 1 _aمصطفى الحمامى
942 _2ddc
_cBK